Biz vatan hainliğine devam ediyoruz (Record no. 3857)

MARC details
000 -BAŞLIK
Sabit Uzunlukta Kontrol Alanı 00733na a2200253 4500
001 - KONTROL NUMARASI
Denetim Alanı 18392
003 - KONTROL NUMARASI IDENTIFIER
Denetim Alanı MIRAKIL
005 - SON İŞLEM TARİHİ VE ZAMANI
Denetim Alanı 20181213154945.0
008 - SABİT-BOY VERİ ELEMANLARI - GENEL BİLGİLER
Sabit Uzunlukta Kontrol Alanı 161117b tu 000 0
020 ## - ULUSLARARASI STANDART KİTAP NUMARASI
Uluslararası Standart Kitap Numarası 9758572628
040 ## - KATALOGLAMA KAYNAK
Orijinal Kataloglama Ajansı Milas
Kataloglama Dili tur
Metne Dönüştürmek Ajansı TR-AnCHP
041 ## - DİL KODU
Metin / Ses Parça Veya Ayrı Başlığın Dil Kodu tur
082 ## - DEWEY ONLU SINIFLANDIRMA NUMARASI
Sınıflandırma Numarası 338.6046
Ürün Numarası E67 2004
090 ## - SINIFLAMA NUMARASI
Sınıflama Numarası 338.6046 E67 2004
100 ## - ANA GİRİŞ - KİŞİSEL İSİM
Kişisel Ad Ertuğrul, İlter
245 ## - BAŞLIK TABLOSU
Başlık Biz vatan hainliğine devam ediyoruz
Sorumluluk Tablosu, Vb Ertuğrul, İlter
260 ## - YAYIN, DAĞITIM, VB
Yayın, Dağıtım, Vb Yeri Ankara
Yayıncı, Dağıtıcı, Vs Adı Ümit Yayıncılık
Yayın, Dağıtım, Vb Tarihi 2004
300 ## - FİZİKSEL TANIM
Kapsam 336 s.
Boyutlar 21 sm.
490 ## - SERİSİ TABLOSU
Seri Beyanı Ümit Yayıncılık
Hacim / Ardışık Tanımı 171
500 ## - GENEL NOT
Genel Not Yapıt adı başında: Özelleştirmenin 10 yılı
650 ## - KONU KATMA GİRİŞ - TOPİKAL DÖNEM
Topikal Süreli Veya Coğrafi Ad Giriş Elemanı Özelleştirme
Coğrafi Alt Bölümü Türkiye
740 ## - KATMA GİRİŞ - KONTROLSUZ İLGİLİ / ANALİTİK BAŞLIK
Kontrol Edilmeyen / İlgili Analitik Başlıktaki Özelleştirmenin 10 yılı
942 ## - EKLENDİ GİRİŞ ELEMANLARI (KOHA)
Sınıflandırma Veya Raf Düzeni Kaynak Dewey Decimal Classification
Koha Öğesi Türü Books
999 ## - SİSTEM KONTROL NUMARALARI (KOHA)
Koha Biblionumber 3857
Koha Biblioitemnumber 3857
Holdings
Kalıcı Konum Mevcut Konum Edinme Tarihi Edinim Kaynak Toplam Check-Out'Lar Tam Çağrı Numarası Barkod Tarih Son Görülme İtibaren Geçerli Fiyatlar Koha Öğesi Türü
CHP Kütüphanesi CHP Kütüphanesi 11/17/2016 Bağış   338.6046 E67 2004 009534 11/17/2016 11/17/2016 Books